00400nam a22001097a 4500020001800000040000900018082001500027100002300042245009000065260004500155650009000200 a9788120305083 cNust a519.2bTRI aKishore S. Trivedi aProbability & Statistics with Reliability, Queuing, and Computer Science applications aNew Delhi:bPHI Learning Pvt Ltd,c1992. aProbability & Statistics with Reliability, Queuing, and Computer Science applications